LIBRARY & INFORMATION CENTRE, KCAET, TAVANUR

ONLINE PUBLIC ACCESS CATALOGUE (OPAC)

Recommendation for co-ordination of dimensions in buildings-arrangements of building components and assemblies / (Record no. 11014)

MARC details
000 -LEADER
fixed length control field 01050cam a2200181ua 4500
041 ## - LANGUAGE CODE
Language code of text/sound track or separate title eng
082 ## - DEWEY DECIMAL CLASSIFICATION NUMBER
Classification number 721.013
Item number IND/RE
245 00 - TITLE STATEMENT
Title Recommendation for co-ordination of dimensions in buildings-arrangements of building components and assemblies /
250 ## - EDITION STATEMENT
Edition statement 1 /
260 ## - PUBLICATION, DISTRIBUTION, ETC. (IMPRINT)
Place of publication New Delhi :
Name of publisher Indian standards institution ,
Year of publication 1975.
300 ## - PHYSICAL DESCRIPTION
Number of Pages 9 ; .
942 ## - ADDED ENTRY ELEMENTS (KOHA)
Koha item type Books
Holdings
Withdrawn status Lost status Damaged status Home library Current library Date acquired Full call number Accession Number Koha item type
      KAUAET KAUAET 07/04/2012 721.013 17397 Standards
free website counter